Jak na to, aby se nám děly samé dobré věci : pochopte svůj mozek, pracujte s emocemi, zlepšete si život /
Známá lékařka a psychiatrička kombinuje čistě lidský i vědecký pohled, který zahrnuje řadu oblastí: optimalizaci konkrétních částí mozku, stanovení jasných cílů, rozvoj asertivity, sílu vůle, emoční inteligenci nebo trénink optimismu.
Uloženo v:
| Hlavní autor: | |
|---|---|
| Další autoři: | |
| Médium: | E-kniha |
| Jazyk: | Czech |
| Vydáno: |
V Praze :
Mladá fronta,
2023
|
| Vydání: | 1. vydání |
| Témata: | |
| Tagy: |
Žádné tagy |
| LEADER | 02869nam a2200613 i 4500 | ||
|---|---|---|---|
| 001 | 312083 | ||
| 003 | CZ PrSKC | ||
| 005 | 20260601215716.0 | ||
| 007 | ta | ||
| 008 | 230905s2023 xr a e f 000 0 cze | ||
| 015 | |a cnb003546168 | ||
| 020 | |a 9788020461759 |q (brožováno) : |c Kč 369,00 | ||
| 035 | |a (OCoLC)1408816837 | ||
| 040 | |a OLA001 |b cze |e rda | ||
| 041 | 1 | |a cze |h spa | |
| 072 | 7 | |a 159.92 |x Vývojová psychologie. Individuální psychologie |2 Konspekt | |
| 080 | |a 615.851:159.942 |2 MRF | ||
| 080 | |a 159.942-022.212 |2 MRF | ||
| 080 | |a 159.974 |2 MRF | ||
| 080 | |a 316.648.4 |2 MRF | ||
| 080 | |a 159.923.5 |2 MRF | ||
| 080 | |a (0.062) |2 MRF | ||
| 100 | 1 | |a Rojas Estapé, Marian, |d 1983- |7 ola20231201071 |4 aut | |
| 240 | 1 | 0 | |a Cómo hacer que te pasen cosas buenas. |l Česky |
| 245 | 1 | 0 | |a Jak na to, aby se nám děly samé dobré věci : |b pochopte svůj mozek, pracujte s emocemi, zlepšete si život / |c Marian Rojas Estapé ; ze španělského originálu Cómo hacer que te pasen cosas buenas ... přeložila Iveta Gonzálezová |
| 250 | |a 1. vydání | ||
| 264 | 1 | |a V Praze : |b Mladá fronta, |c 2023 | |
| 300 | |a 247 stran : |b barevné ilustrace ; |c 21 cm | ||
| 336 | |a text |b txt |2 rdacontent | ||
| 337 | |a bez média |b n |2 rdamedia | ||
| 338 | |a svazek |b nc |2 rdacarrier | ||
| 504 | |a Obsahuje bibliografii | ||
| 520 | 2 | |a Známá lékařka a psychiatrička kombinuje čistě lidský i vědecký pohled, který zahrnuje řadu oblastí: optimalizaci konkrétních částí mozku, stanovení jasných cílů, rozvoj asertivity, sílu vůle, emoční inteligenci nebo trénink optimismu. | |
| 650 | 0 | 7 | |a racionálně-emotivní terapie |7 ph138800 |2 czenas |
| 650 | 0 | 7 | |a negativní emoce |7 ph115428 |2 czenas |
| 650 | 0 | 7 | |a psychická traumata |7 ph124784 |2 czenas |
| 650 | 0 | 7 | |a změna postoje |7 ph615993 |2 czenas |
| 650 | 0 | 7 | |a sebeřízení |7 ph303239 |2 czenas |
| 650 | 0 | 7 | |a rozvoj osobnosti |7 ph194683 |2 czenas |
| 650 | 0 | 9 | |a rational-emotive therapy |2 eczenas |
| 650 | 0 | 9 | |a negative emotions |2 eczenas |
| 650 | 0 | 9 | |a psychic trauma |2 eczenas |
| 650 | 0 | 9 | |a attitude change |2 eczenas |
| 650 | 0 | 9 | |a self-management |2 eczenas |
| 650 | 0 | 9 | |a personality development |2 eczenas |
| 655 | 7 | |a populárně-naučné publikace |7 fd131864 |2 czenas | |
| 655 | 9 | |a popular works |2 eczenas | |
| 700 | 1 | |a Gonzálezová, Iveta |7 hka2012732975 |4 trl | |
| 900 | |a ABA001 |b 20 | ||
| 928 | 9 | |a Albatros Media - Mladá fronta | |
| 044 | |a xr | ||
| 910 | |a RBIT002 | ||
| 998 | |d 386193 |a https://core.palmknihy.cz/api/books/386193/cover?si5z4k |b https://core.palmknihy.cz/api/books/386193/cover/400?si5z4k |c https://core.palmknihy.cz/api/books/386193/cover/50?si5z4k |e 2028-11-24 |g 248 |i 9788020461759 |j https://core.palmknihy.cz/api/books/386193/preview.epub |k https://core.palmknihy.cz/api/books/386193/preview.pdf |l |q 49 |r 1 |s https://www.palmknihy.cz/kniha/386193 |t ebook |y 2023 |z 0 | ||
| 999 | |d 312081 | ||